00481nam a2200205Ia 4500008004100000020001800041050001600059100002000075245002500095245002300120250001800143260001000161260001800171260000900189300001600198300002000214300001000234300002500244440000600269170918s9999 xx 000 0 und d a9780375867033 bK296ba 2011 aKelly, David A. 4aThe fenway foul-up / cby David A. Kelly. aFirst edition aUSA : bRandom House, c2011 a101 pages : billustrations ; c19cm. eBallpark mysteries ; a1